| 000 | 01167nam a2200205Ia 4500 | ||
|---|---|---|---|
| 001 | b5591-37468 | ||
| 003 | IT-MiCISF | ||
| 008 | 161014s9999||||xx |||||||||||||| ||und|| | ||
| 040 |
_aIT-MiCISF _cIT-MiCISF |
||
| 041 | _ait | ||
| 100 | _aThomas Henry | ||
| 245 | 0 |
_aIl dolore infantile nel mito _bDalla mitologia alla psicoanalisi |
|
| 250 | _a1a ed. | ||
| 260 |
_a Roma _bMagi _c2003 [Edizione originale: 2002] |
||
| 300 | _app. 163 | ||
| 500 | _a / infanzia, dolore, cultura, psicoanalisi / La mitologia greca custodisce in sé una sorprendente conoscenza dell'animo umano e permette di cogliere il modo in cui si creano e si dissolvano i fantasmi più nascosti e i complessi più arcaici. Il destino degli dèi e degli eroi, oppressi dalle maledizioni, rispecchia il vissuto del bambino che soffre posto di fronte al delirio degli adulti, all'assenza d'amore, agli abusi e ai maltrattamenti. Vengono riportati i miti dei deliri parentali (Ercole, Dionisio, Atena, Persefone); i miti dell'abbandono (Orfeo, Pan, Narciso, Eco); i miti edipici (Io, Prometeo, Edipo). | ||
| 650 |
_a Infanzia / età-evolutiva _e008 |
||
| 942 | _cBK | ||
| 957 | _71 | ||
| 999 |
_a37468 _bsi _g1 _c211541 _d211541 |
||